=LDR 00000nam 2200000 4500 =001 INLIS000000000021746 =005 20130612120556 =008 ***********************************Ind** =035 ##$$0010-061300000021746 =041 ##$$a Ind =082 ##$$a F Rom K =090 ##$$a F Rom K, Asa a =100 ##$$a Asagiri, Yu =245 ##$$a Apple dream, Yu Asagiri =260 ##$$a 1984 $b Jakarta =300 ##$$a 177 hlm, ilus, 15 cm =650 ##$$a Fiksi anak-anak =850 ##$$a NBPNMAT